Tajemství pyramid : Pyramidální terapie,mysterie a ezoterika

Uložené v:
Podrobná bibliografia
Hlavný autor: El_Hakim, Chalil (Autor)
Médium: Kniha
Jazyk:Czech
Vydavateľské údaje: Bratislava : Eko-konzult, 1994
Vydanie:1. vydanie
Tagy: Pridať tag
Žiadne tagy, Buďte prvý, kto otaguje tento záznam!

MARC

LEADER 00000nam a22000003a 4500
001 stu11539
005 20150617225804.7
008 950503s1994----xo------------------cze-d
020 |a 80-967157-1-2 
040 |a STU  |b slo 
041 0 |a cze 
044 |a xo 
080 |a 72(32) 
100 1 |a El_Hakim, Chalil  |4 aut 
245 1 |a Tajemství pyramid :  |b Pyramidální terapie,mysterie a ezoterika 
250 |a 1. vydanie 
260 |a Bratislava :  |b Eko-konzult,  |c 1994 
300 |a 119 s 
996 |b 284V017391  |c V*48936/O-21570  |l VVT  |s A  |a 24  |w stu11539_0002